Statistics for Countries That Produce The Most Lettuce

Click here to take the quiz!

General Stats

  • This quiz has been taken 56 times
  • The average score is 12 of 14

Answer Stats

% Of Total ProducedCountry% Correct
3.93%China
100%
17.9%United States
98%
11.0%Mexico
94%
2.72%France
92%
2.40%Germany
92%
9.73%Italy
92%
29.3%Spain
92%
0.65%United Kingdom
92%
1.83%Canada
90%
0.96%Poland
82%
8.76%Netherlands
76%
2.90%Belgium
73%
0.67%Sweden
61%
0.73%Iran
47%

Score Distribution

Percentile by Number Answered

Percent of People with Each Score

Your Score History

You have not taken this quiz